| 000 | 00803nam a2200265Ia 4500 | ||
|---|---|---|---|
| 003 | OSt | ||
| 005 | 20220928130341.0 | ||
| 006 | a|||||r|||| 00| 0 | ||
| 007 | ta | ||
| 008 | 220927b |||||||| |||| 00| 0 eng d | ||
| 020 | _c12736 | ||
| 024 | _a119549 | ||
| 037 |
_b119, 18/09/2013, Vardhman Books _cTextual |
||
| 040 |
_aSDCL _cSDCL _beng |
||
| 041 |
_2eng _aeng |
||
| 082 | _aL7:4:625, Q1 | ||
| 100 |
_aHelmchen Fritjof _9473637 |
||
| 245 | 0 |
_aImaging in neuroscience _b A laboratory manual |
|
| 260 |
_aNew York _b CSHL Press _c2011 |
||
| 300 |
_axx;1084p _ccm. |
||
| 650 | _aBiophysics | ||
| 700 |
_a Konnerth Arthur Ed. _9464729 |
||
| 942 |
_hL7:4:625, Q1 _cTEXL _2CC |
||
| 999 |
_c786229 _d786229 |
||